000 00238nam a2200109Ia 4500
008 190216s9999||||xx |||||||||||||| ||und||
100 _aKuchhal M C
245 0 _aSecretarial Practice
260 _bNull
_c1983
300 _a631p
942 _cBK
999 _c5399
_d5399